Taylor Swift 'Lover' Quiz - Statistics

General Stats
  • This quiz has been taken 228 times
  • The average score is 13 of 24
Answer Stats
Hint Answer % Correct
"We could leave the Christmas lights up til' ____" January
98%
She likes shiny things but she'd marry you with ____ ___ Paper Rings
84%
It's nice to have _ ____ A Friend
83%
Shade never made anybody ____ ___ Less Gay
79%
"You can't spell awesome without __" Me
77%
Devils roll the dice, _____ __ ___ ___ Angels Roll Their Eyes
75%
Saying goodbye is ____ __ _ _______ ___ Death By a Thousand Cuts
70%
"Snuck in through the garden gate, every night that summer just to ___ __ ___" Seal My Fate
67%
Her team is losing, battered and _____ Bruising
63%
You know she loves a _____ __ London Boy
63%
She would be complex, she would be ____ Cool
60%
She once believed love would be burning red, but it's _____ Golden
59%
It isn't love, it isn't hate, it's just _______ Indifference
52%
He got her heartbeat, skipping down ______ ______ Sixteenth Avenue
49%
She wakes in the night, she paces like a ____ Ghost
44%
Fighting with a true love is boxing ___ __ ___ With No Gloves
44%
"Staring out the window like I'm not you're favorite town, I'm __ ___ ___ New York City
43%
Help her hold onto you, she's been __ ____ The Archer
40%
Springsteen, faded blue jeans, ________ _____ Tennessee Whiskey
37%
"In my feelings more than ___, so yeah" Drake
35%
"You're the ___ ____, you still do it for me babe" West Village
19%
Walk me home, sidewalk chalk, ______ __ ____ Covered in Snow
17%
She lived like an island, ______ __ ___ _____ Punished You With Silence
13%
"I know delusion when I see __ __ __ ____" In The Mirror
5%
No matching quizzes found
Score Distribution
Percent of People with Each Score
Percentile by Number Answered
Your Score History
You have not taken this quiz